Small projects handbook (Record no. 115460)

MARC details
000 -LEADER
fixed length control field 00578cam a22002055a 4500
001 - CONTROL NUMBER
control field L158694
008 - FIXED-LENGTH DATA ELEMENTS--GENERAL INFORMATION
fixed length control field 150623s2014 xxk f 000 0 eng d
020 ## - INTERNATIONAL STANDARD BOOK NUMBER
International Standard Book Number 9781859465493
035 ## - SYSTEM CONTROL NUMBER
System control number (Sirsi) u158694
041 0# - LANGUAGE CODE
Language code of text/sound track or separate title eng
050 04 - LIBRARY OF CONGRESS CALL NUMBER
Classification number 711
100 1# - MAIN ENTRY--PERSONAL NAME
Personal name Ostine, Nigel
245 00 - TITLE STATEMENT
Title Small projects handbook
260 ## - PUBLICATION, DISTRIBUTION, ETC.
Place of publication, distribution, etc. Newcastle
Name of publisher, distributor, etc. Riba
Date of publication, distribution, etc. 2014
520 ## - SUMMARY, ETC.
Summary, etc. A guide to running small projects particularly geared towards small practices. based on the RIBA plan of work 2013.
521 ## - TARGET AUDIENCE NOTE
Target audience note Advanced
650 24 - SUBJECT ADDED ENTRY--TOPICAL TERM
Topical term or geographic name entry element CONSTRUCTION
651 #4 - SUBJECT ADDED ENTRY--GEOGRAPHIC NAME
Geographic name ENGLAND AND WALES
942 ## - ADDED ENTRY ELEMENTS (KOHA)
Suppress in OPAC 0
Holdings
Withdrawn status Lost status Source of classification or shelving scheme Damaged status Not for loan Home library Current library Shelving location Date acquired Total Checkouts Full call number Barcode Date last seen Copy number Price effective from Koha item type
    Dewey Decimal Classification     London London Books 23/06/2015   711 OST 30079031 06/08/2019 1 06/08/2019 Book